Sardar panikkar : (Record no. 134022)

MARC details
000 -LEADER
fixed length control field 00724nam a22002297a 4500
003 - CONTROL NUMBER IDENTIFIER
control field dpl
005 - DATE AND TIME OF LATEST TRANSACTION
control field 20180525162727.0
008 - FIXED-LENGTH DATA ELEMENTS--GENERAL INFORMATION
fixed length control field 180525b xxu||||| |||| 00| 0 eng d
010 ## - LIBRARY OF CONGRESS CONTROL NUMBER
LC control number A-943649, A-943653
020 ## - INTERNATIONAL STANDARD BOOK NUMBER
Terms of availability 65.00
International Standard Book Number 8120305881
035 ## - SYSTEM CONTROL NUMBER
System control number A-0943649
037 ## - SOURCE OF ACQUISITION
Source of stock number/acquisition Cen Lib/Ret
040 ## - CATALOGING SOURCE
Original cataloging agency DPL
Language of cataloging EN
Transcribing agency 0
082 ## - DEWEY DECIMAL CLASSIFICATION NUMBER
Classification number 921
Item number PAN
100 ## - MAIN ENTRY--PERSONAL NAME
Personal name Narendranath, Konniyoor R.
9 (RLIN) 28016
245 ## - TITLE STATEMENT
Title Sardar panikkar :
Statement of responsibility, etc by Konniyoor R. Nerendranath
Remainder of title his life and times /
260 ## - PUBLICATION, DISTRIBUTION, ETC. (IMPRINT)
Place of publication, distribution, etc New Delhi
Name of publisher, distributor, etc Publications divisions
Date of publication, distribution, etc 1998
270 ## - ADDRESS
City New Delhi
Address Ministry of information and broadcsting
Postal code 110001
300 ## - PHYSICAL DESCRIPTION
Extent ix,210p.
Dimensions 21cm(pbk)
650 ## - SUBJECT ADDED ENTRY--TOPICAL TERM
Topical term or geographic name as entry element Biography
9 (RLIN) 7490
942 ## - ADDED ENTRY ELEMENTS (KOHA)
Source of classification or shelving scheme Dewey Decimal Classification
Koha item type English Books
Classification part 921
Call number suffix NAR
Holdings
Withdrawn status Lost status Damaged status Not for loan Collection code Home library Current library Date acquired Source of acquisition Cost, normal purchase price Total Checkouts Full call number Barcode Date last seen Copy number Cost, replacement price Price effective from Koha item type Source of classification or shelving scheme Date checked out
      Not For Loan Reference Central Library Central Library 28/07/2015 Cen Lib/Ret 65.00   921 PAN A-0943649 28/07/2015 1 65.00 28/07/2015 English Books    
      Not For Loan Reference Central Library Central Library 06/10/2016   65.00   921 NAR A-943648 06/10/2016 2 65.00 06/10/2016 English Books Dewey Decimal Classification  
        Non-fiction Sarojini Nagar Sarojini Nagar 12/02/2019       921 NAR A-943657 12/02/2019     12/02/2019 English Books Dewey Decimal Classification  
        Non-fiction Shahdara Branch Shahdara Branch 25/05/2018 BPPD/PUB 65.00 1 921 NAR A-943653 12/06/2019   65.00 25/05/2018 English Books Dewey Decimal Classification 28/05/2019

© Delhi Public Library
Hit Counter
free hit counter